Pays qui possédaient Genève à travers l'histoire - Statistiques

Statistiques générales
  • Ce quiz a été pris 117 fois
  • Le résultat moyen est 6 sur 18
Statistiques - réponses
Période Pays % Correct
1815 - Aujourd'hui Suisse
95%
1804 - 1815 Empire Français
93%
1798 - 1804 Premier République de France
93%
- 29 - 395 Empire Romain
69%
1378 - 1534 Duché de Savoie
43%
1038 - 1648 Saint Empire Romain Germanique
32%
1534 - 1798 République de Genève
30%
534 - 843 Royaume de Bourgogne
23%
411 - 534 Royaume des Burgondes
17%
-121 -/- 29 République Romaine
16%
395 - 411 Empire Romain d'occident
14%
800 - 843 Empire Carolingien
12%
Avant -121 av J-C. Pays des {Allobroges}
8%
843 - 855 Francie Médiane
6%
855 - 863 Royaume de Provence
5%
879 - 933 Royaume de Provence
5%
933 - 1378 Royaume d'Arles
4%
863 - 879 Royaume de Basse-Bourgogne
2%
Aucun quiz correspondant
Distribution des résultats
% des personnes avec chaque résultat
Percentile par nombre de réponses
Votre historique - résultats
Vous n’avez pas pris ce quiz